Biographical dictionaries and related works : (Record no. 179136)
[ view plain ]
| 000 -LEADER | |
|---|---|
| fixed length control field | 00756cam5a220021700 4500 |
| 001 - CONTROL NUMBER | |
| control field | lce00610921 |
| 008 - FIXED-LENGTH DATA ELEMENTS--GENERAL INFORMATION | |
| fixed length control field | 781017s1967 miu b 000 0 eng |
| 010 ## - LIBRARY OF CONGRESS CONTROL NUMBER | |
| LC control number | 67027789 //r782 |
| 035 ## - SYSTEM CONTROL NUMBER | |
| System control number | (Sirsi) r64649 |
| 035 ## - SYSTEM CONTROL NUMBER | |
| System control number | (DLC) 67027789 //r782 |
| 035 ## - SYSTEM CONTROL NUMBER | |
| System control number | (UPRA)lce00610921 |
| 040 ## - CATALOGING SOURCE | |
| Modifying agency | UPRA |
| 050 0# - LIBRARY OF CONGRESS CALL NUMBER | |
| Classification number | Z5301 |
| Item number | .S55 |
| Classification number | CT104 |
| 082 ## - DEWEY DECIMAL CLASSIFICATION NUMBER | |
| Classification number | 016.92 |
| 100 1# - MAIN ENTRY--PERSONAL NAME | |
| Personal name | Slocum, Robert B. |
| Linkage | A24561.1 |
| 245 10 - TITLE STATEMENT | |
| Title | Biographical dictionaries and related works : |
| Remainder of title | an international bibliography of collective biographies ... / |
| Statement of responsibility, etc. | [by] Robert B. Slocum. |
| 260 ## - PUBLICATION, DISTRIBUTION, ETC. | |
| Place of publication, distribution, etc. | Detroit : |
| Name of publisher, distributor, etc. | Gale Research Co., |
| Date of publication, distribution, etc. | [1967] |
| 650 #0 - SUBJECT ADDED ENTRY--TOPICAL TERM | |
| Topical term or geographic name entry element | Biography -- Bibliography. |
| General subdivision | Biography -- Bibliography. |
| Linkage | S17745.1 |
| 949 ## - LOCAL PROCESSING INFORMATION (OCLC) | |
| a | Z5301 |
| w | lcc |
| i | -86268 |
| m | MAIN |
| t | BOOK |
| l | ON-SHELF |
No items available.